01264nab a2200217 i 4500001000900000005001700009007000300026008004100029040003000070041000800100100003300108245007200141336002700213337003400240338003000274520052100304650006500825773012400890942001501014999001701029DO-SdBNP20260218084716.0ta260218e1975 dr qn|p|r||||||0| | spa d aDO-SdBNPbspacBNPHUerda hspa1 aBáez, Frank,d1978-933651 aHacia el control nacional del sector azucarero : la Era de Trujillo atextobtxt2rdacontent asin mediación bn2rdamedia avolumen bnc 2rdacarrier aA partir de la postguerra se inicia un proceso de industrialización cuyo ritmo de inversión en el período 1950-58 aún no había sido superado en el 1970. La sociedad dominicana se debatía en un proceso de tránsito de la economía con predominio de enclave a economía controlada nacionalmente, precisamente en un momento en el cual se efectuaba la culminación del proceso de integración y centralización monopólica del capitalismo a nivel mundial, con Estados Unidos, como centro hegemónico. 960476aIndustria azucarera, 1950-1958-República Dominicana gVol.1, núm.1 (oct-dic, 1975), páginas.101-153gNúm.1 (oct-dic, 1975), páginas.101-153tRealidad contemporánea 2ddccISSUE c60351d60351